[Event "45th Olympiad 2024"]
[Site "Budapest HUN"]
[Date "2024.09.21"]
[Round "10.32"]
[Board "4"]
[White "Hovhannisyan, Mher"]
[Black "Sultan, Ibrahim"]
[Result "1-0"]
[WhiteElo "2414"]
[BlackElo "2206"]
[PlyCount "59"]
[EventDate "2024.09.11"]
[WhiteTeam "Belgium"]
[BlackTeam "United Arab Emirates"]
[WhiteTeamCountry "BEL"]
[BlackTeamCountry "UAE"]

1. Nf3 Nf6 2. e3 d5 3. c4 e6 4. b3 Be7 5. Bb2 O-O 6. Nc3 c5 7. cxd5 exd5 8. d4 Ne4 9. Be2 Bf6 10. O-O Nc6 11. Na4 Bg4 12. Rc1 cxd4 13. Nxd4 Bxd4 14. Bxg4 Bxb2 15. Nxb2 d4 16. exd4 Nxd4 17. Qd3 Nf6 18. Rfd1 Re8 $146 ({RR} 18... Nc6 19. Bf3 Ne5 20. Qf5 Nxf3+ 21. Qxf3 Qe7 22. Nc4 Rac8 23. h3 h6 24. Ne3 g6 25. Qf4 Kh7 26. Nf5 {1-0 Torres Sanchez,J (2187)-Mingarro Carceller,S (2253) Benidorm Open A 2023 (3.9)}) 19. Bf3 Re7 20. h3 Nxf3+ 21. Qxf3 Qa5 22. a4 Rae8 23. Nc4 Qb4 24. Nd6 Re1+ 25. Rxe1 Rxe1+ 26. Rxe1 Qxe1+ 27. Kh2 Qe5+ 28. Qg3 Qd5 29. Nf5 Ne8 30. Ne7+ 1-0

[Event "45th Olympiad 2024"]
[Site "Budapest HUN"]
[Date "2024.09.21"]
[Round "10.33"]
[Board "1"]
[White "Duran Vega, Sergio"]
[Black "Ferreira, Jorge Viterbo"]
[Result "1-0"]
[WhiteElo "2308"]
[BlackElo "2535"]
[PlyCount "109"]
[EventDate "2024.09.11"]
[WhiteTeam "Costa Rica"]
[BlackTeam "Portugal"]
[WhiteTeamCountry "CRI"]
[BlackTeamCountry "POR"]

1. d4 Nf6 2. c4 e6 3. g3 Bb4+ 4. Bd2 Qe7 5. Bg2 Nc6 6. e3 e5 7. d5 Bxd2+ 8. Qxd2 Nb8 9. Nc3 ({RR} 9. d6 Qxd6 10. Qxd6 cxd6 11. Nc3 Na6 12. O-O-O Ke7 13. h3 h5 14. Nf3 Nc7 15. Ng5 Rh6 16. f4 Rb8 17. Rhf1 b6 18. Rf2 exf4 19. exf4 Ba6 20. b3 b5 21. cxb5 Nxb5 22. Nd5+ Nxd5 23. Bxd5 Nc3 {1-0 Yuffa,D (2606)-Kosic,D (2392) TCh-HUN 2023-24 (6.3)}) 9... d6 10. Nge2 a5 11. b3 $146 ({RR} 11. h3 Na6 12. g4 Nd7 13. Ng3 Nb6 14. b3 Nc5 15. Nce4 Nxe4 16. Nxe4 O-O 17. Rc1 Nd7 18. O-O f5 19. gxf5 Rxf5 20. f4 b6 21. Ng3 Rf7 22. f5 Qh4 23. Qe1 Nc5 24. Rd1 Bd7 {½-½ Krasenkow,M (2626)-Drasko,M (2449) ITA-chT 50th 2018 (5.3)}) ({RR} 11. e4 Na6 12. O-O O-O 13. b3 Nc5 14. Rae1 Bd7 15. h3 h5 16. Qe3 g6 17. f4 Kg7 18. Rf2 Nh7 19. Ref1 b6 20. f5 Qg5 21. f6+ Kg8 22. Qxg5 Nxg5 23. h4 Nh3+ 24. Bxh3 Bxh3 25. Rd1 Kh7 {0-1 Hakobyan,A (2465)-Wong,Y (2242) World ol U16 2017 (9.1)}) ({RR} 11. O-O O-O 12. b3 Na6 13. a3 Bg4 14. h3 Bd7 15. Rab1 Nc5 16. b4 axb4 17. axb4 Na4 18. Nxa4 Rxa4 19. Rfc1 Bf5 20. Rb2 Rfa8 21. g4 Bg6 22. Ng3 h5 23. g5 Nd7 24. h4 f5 25. f4 exf4 {1-0 Sundararajan,K (2491)-Luchan,J (2101) US Open-112 Orlando 2011 (3)}) 11... Na6 12. O-O Nc5 13. Qb2 h5 14. h4 g5 15. hxg5 Ng4 16. e4 Qxg5 17. Qc1 Qg7 18. f3 Nh6 19. Kh2 f5 20. exf5 Bxf5 21. Rh1 h4 22. g4 Bxg4 23. fxg4 Nxg4+ 24. Kg1 h3 25. Rxh3 Rxh3 26. Bxh3 O-O-O 27. Qe3 Kb8 28. Qg3 Rg8 29. Bxg4 Qxg4 30. Qxg4 Rxg4+ 31. Kf2 a4 32. Kf3 Rh4 33. Kg3 Rh8 34. Nxa4 Nxa4 35. bxa4 c6 36. Nc3 Kc7 37. Rf1 Rg8+ 38. Kf3 Kb6 39. Ne4 Ra8 40. c5+ Ka6 41. Rb1 cxd5 42. Nxd6 Rb8 43. Rb6+ Ka7 44. Nb5+ Ka8 45. Nc7+ Ka7 46. Nxd5 Rh8 47. Nb4 Rh4 48. a5 Ka8 49. c6 bxc6 50. Nxc6 e4+ 51. Kg3 Rh8 52. a6 Rg8+ 53. Kf4 Rf8+ 54. Ke5 e3 55. a7 1-0

[Event "45th Olympiad 2024"]
[Site "Budapest HUN"]
[Date "2024.09.21"]
[Round "10.33"]
[Board "2"]
[White "Pereira, Ruben"]
[Black "Jimenez Garcia, Emmanuel"]
[Result "1-0"]
[WhiteElo "2457"]
[BlackElo "2352"]
[PlyCount "109"]
[EventDate "2024.09.11"]
[WhiteTeam "Portugal"]
[BlackTeam "Costa Rica"]
[WhiteTeamCountry "POR"]
[BlackTeamCountry "CRI"]

1. e4 d6 2. d4 Nf6 3. Nc3 e5 4. Nf3 Nbd7 5. Rg1 g6 6. g4 exd4 7. Nxd4 Bg7 8. Be3 ({RR} 8. f3 O-O 9. Bg5 a6 10. Qd2 c5 11. Nb3 Ne5 12. Be2 b5 13. O-O-O c4 14. Nd4 Bb7 15. a3 Qa5 16. Kb1 b4 17. axb4 Qxb4 18. Bxf6 Bxf6 19. Nd5 Qxd2 20. Nxf6+ Kg7 21. Nh5+ gxh5 22. gxh5+ Kf6 {1-0 Hansen,E (2609)-Makarian,R (2554) World Rapid 2022 (3.44)}) 8... h5 ({RR} 8... O-O 9. g5 Ne8 10. Qe2 c5 11. Nb3 a5 12. a4 Nb6 13. Bg2 Be6 14. Nd2 Rc8 15. Qb5 Bd7 16. Qd3 Be6 17. Rd1 Nc7 18. Bf4 d5 19. Qg3 d4 20. Nb5 Nxb5 21. axb5 Qd7 22. Be5 Bxe5 23. Qxe5 {0-1 Pranav,A (2540)-Garrido Outon,A (2403) Portuguese Top League 2024 (6.15)}) 9. gxh5 Rxh5 10. Qd2 Nc5 $146 ({RR} 10... Ne5 11. O-O-O Bg4 12. Be2 Rh3 13. f4 Bxe2 14. Qxe2 Neg4 15. Rxg4 Nxg4 16. Qxg4 Rxe3 17. Nf5 Rxc3 18. Nxg7+ Kf8 19. Ne6+ fxe6 20. bxc3 Kf7 21. f5 Qf6 22. fxe6+ Qxe6 23. Rf1+ Ke7 24. Qg5+ Kd7 25. Qb5+ {1-0 Danielyan,V (2303)-Azaladze,S (2464) Tbilisi Gaprindashvili Cup 2017 (2)}) 11. f3 d5 12. O-O-O dxe4 13. Rg5 Rxg5 14. Bxg5 Ne6 15. Qe3 Nxg5 16. Nc6 Qxd1+ 17. Kxd1 bxc6 18. Qxg5 exf3 19. Qc5 Bd7 20. h3 Rd8 21. Ke1 Bf5 22. Qxc6+ Kf8 23. Qxf3 Bxc2 24. Qc6 Ne4 25. Nxe4 Bxe4 26. Qxc7 Re8 27. Bc4 Bf5+ 28. Kd1 Re7 29. Qb8+ Re8 30. Qxa7 Rd8+ 31. Ke2 Rd7 32. Qb8+ Ke7 33. a4 Bxh3 34. Qb4+ Rd6 35. Bxf7 Bxb2 36. Bxg6 Bd4 37. Qb7+ Bd7 38. Bf5 Kd8 39. Be4 Bg4+ 40. Kd3 Bc8 41. Qa8 Kc7 42. Kc2 Bc5 43. Qa5+ Bb6 44. Qe5 Bd4 45. Qf4 Bb6 46. Bd5 Bd7 47. Kb3 Bc6 48. Bc4 Bd4 49. Kb4 Bf6 50. a5 Be7 51. Qe5 Kd8 52. Kb3 Bb7 53. a6 Rb6+ 54. Kc2 Bc6 55. a7 1-0

[Event "45th Olympiad 2024"]
[Site "Budapest HUN"]
[Date "2024.09.21"]
[Round "10.33"]
[Board "3"]
[White "Cabezas Solano, David Alejandro"]
[Black "Sousa, Andre Ventura"]
[Result "1-0"]
[WhiteElo "2248"]
[BlackElo "2403"]
[PlyCount "111"]
[EventDate "2024.09.11"]
[WhiteTeam "Costa Rica"]
[BlackTeam "Portugal"]
[WhiteTeamCountry "CRI"]
[BlackTeamCountry "POR"]

1. d4 Nf6 2. Nf3 e6 3. g3 b5 4. Bg2 Bb7 5. Qd3 a6 6. Bg5 c5 7. c3 cxd4 8. cxd4 Qa5+ 9. Bd2 Qb6 10. O-O Be7 $146 ({RR} 10... Be4 11. Qe3 Be7 12. Nc3 Bc6 {½-½ Gonzalez Marrero,J (2202)-Villavicencio Martinez,A (2349) Tenerife-chT Preferente 1617 2016 (1.1)}) 11. Nc3 O-O 12. a3 d5 13. Ne5 Nc6 14. Bg5 Na5 15. e3 Rfd8 16. f4 Nc4 17. Rf2 Nd6 18. Bh3 Rac8 19. f5 exf5 20. Bxf5 Nxf5 21. Qxf5 Qe6 22. Raf1 Rd6 23. Bxf6 Qxf5 24. Rxf5 Rxf6 25. Rxf6 Bxf6 26. Nd7 Be7 27. Kf2 f6 28. Ke2 Kf7 29. Ne5+ Ke6 30. Nd3 a5 31. Rc1 b4 32. axb4 axb4 33. Na4 Rxc1 34. Nxc1 Ba6+ 35. Kd2 Bb5 36. b3 Kf5 37. Nc5 Kg4 38. N1d3 Kh3 39. Nxb4 Kxh2 40. Nxd5 Bd6 41. Ne6 Bc6 42. Ndf4 Bxf4 43. Nxf4 Kxg3 44. d5 Bd7 45. Nh5+ Kg4 46. Nxg7 h5 47. Ke2 h4 48. Kf2 h3 49. Ne6 Bb5 50. Nd4 Bd7 51. b4 f5 52. b5 Bc8 53. d6 f4 54. exf4 Kxf4 55. b6 Bb7 56. Kg1 1-0

[Event "45th Olympiad 2024"]
[Site "Budapest HUN"]
[Date "2024.09.21"]
[Round "10.33"]
[Board "4"]
[White "Barria Santos, Jose Guilherme"]
[Black "Pastor Carvajal, Jeigoth"]
[Result "1-0"]
[WhiteElo "2411"]
[BlackElo "2120"]
[PlyCount "69"]
[EventDate "2024.09.11"]
[WhiteTeam "Portugal"]
[BlackTeam "Costa Rica"]
[WhiteTeamCountry "POR"]
[BlackTeamCountry "CRI"]

1. e4 e6 2. d4 d5 3. Nc3 dxe4 4. Nxe4 Nd7 5. Nf3 Ngf6 6. Nxf6+ Nxf6 7. c3 c5 8. Be3 cxd4 9. Bxd4 Be7 ({RR} 9... Bd7 10. Bd3 Be7 11. O-O O-O 12. Ne5 Be8 13. Qf3 Qd5 14. Qh3 h6 15. Rad1 Qxa2 16. Ng4 Nxg4 17. Qxg4 f6 18. Qxe6+ Qxe6 19. Rfe1 Qf7 20. b3 Rc8 21. Bc4 Rxc4 22. bxc4 b6 23. Ra1 Bc5 24. Bxc5 {0-1 Ersoz,T (1976)-Cahuapaza Tarapaca,L (2034) Titled Tue 20th Aug Late 2024 (6)}) 10. Bd3 O-O 11. Qe2 Qd5 $146 ({RR} 11... Qc7 12. O-O Rd8 13. Rad1 Bd7 14. Ne5 Be8 15. Ng4 Nxg4 16. Qxg4 g6 17. Rfe1 Bf8 18. Be5 Qe7 19. Qf3 Bg7 20. Bxg7 Kxg7 21. Be4 Rac8 22. b3 b6 23. c4 Qf6 24. Qxf6+ Kxf6 25. f4 h6 26. Kf2 {1-0 Sadvakasov,D (2487)-Mirzoev,A (2443) Dubai op 1999 (5)}) ({RR} 11... Qa5 12. h4 Rd8 13. O-O-O Qxa2 14. Bb1 Qa1 15. Bxf6 gxf6 16. Rxd8+ Bxd8 17. Qd2 Bc7 18. Qh6 e5 19. Qxf6 Be6 20. h5 Ba2 21. Nd2 Bxb1 22. Nxb1 Qa6 23. Qxa6 bxa6 24. Nd2 Kg7 25. g4 f5 26. gxf5 {½-½ Degraeve,J (2546)-Flom,G (2295) Le Touquet op 22nd 2007 (9)}) 12. O-O Qh5 13. a4 b6 14. a5 Bb7 15. Ne5 Qxe2 16. Bxe2 Bc5 17. Bxc5 bxc5 18. a6 Bd5 19. c4 Be4 20. f3 Bg6 21. Ra5 Rfc8 22. Rb5 Rc7 23. Rd1 Kf8 24. g4 Bc2 25. Rd2 Ba4 26. Rb7 Rac8 27. Rd8+ Rxd8 28. Rxc7 Nd7 29. Nxd7+ Rxd7 30. Rxc5 Rd2 31. Kf1 Rxb2 32. Rc7 Rb6 33. Rxa7 Bc6 34. Kf2 g5 35. Rc7 1-0

[Event "45th Olympiad 2024"]
[Site "Budapest HUN"]
[Date "2024.09.21"]
[Round "10.34"]
[Board "1"]
[White "Kantor, Gergely"]
[Black "Middelburg, Tom"]
[Result "1-0"]
[WhiteElo "2537"]
[BlackElo "2355"]
[PlyCount "57"]
[EventDate "2024.09.11"]
[WhiteTeam "Hungary C"]
[BlackTeam "New Zealand"]
[BlackTeamCountry "NZL"]

1. e4 c6 2. d4 d5 3. e5 Bf5 4. h4 a6 5. h5 c5 6. dxc5 Nc6 7. Bd3 Qd7 ({RR} 7... Bxd3 8. cxd3 Qa5+ 9. Kf1 Qxc5 10. Nf3 e6 11. Nc3 Nge7 12. Bf4 h6 13. Rc1 Qb4 14. g3 Nf5 15. Kg2 Be7 16. Qd2 Nfd4 17. Nxd4 Qxd4 18. Rhe1 Rc8 19. a3 O-O 20. Rc2 Qb6 21. Ne2 d4 22. Rec1 {0-1 Vokhidov,S (2643)-Fedoseev,V (2687) CrunchLabs Masters PlayIn 2024 (7)}) 8. Ne2 ({RR} 8. Nf3 Bg4 9. Be3 Qc7 10. Be2 e6 11. Nbd2 Nh6 12. c3 Nf5 13. Bd4 Be7 14. Qa4 Rg8 15. b4 Rc8 16. Rb1 f6 17. b5 axb5 18. Bxb5 Kf7 19. Bxc6 bxc6 20. Rb6 Ra8 21. Qb3 Qa7 22. Rxc6 Qxa2 {½-½ Pasztor,B (2402)-Prohaszka,P (2569) ch-HUN Rapid 2024 (3.16)}) 8... f6 $146 ({RR} 8... Bxd3 9. cxd3 d4 10. Rh4 Nh6 11. Bxh6 gxh6 12. Re4 Bg7 13. e6 fxe6 14. Ng3 e5 15. Na3 O-O 16. Nc4 Rad8 17. a3 Kh8 18. b4 Qd5 19. Qb3 Nb8 20. Na5 e6 21. Kf1 Nc6 22. Nc4 Ne7 23. Kg1 {1-0 Kairbekova,A (2305)-Kochavi,D (1894) Wch U16 Girls 2022 (11)}) ({RR} 8... Bxd3 9. cxd3 d4 10. Bf4 e6 11. Nd2 Bxc5 12. a3 Bb6 13. Qb3 Ba5 14. Ng3 Nge7 15. Nge4 Nd5 16. Nd6+ Ke7 17. Bg3 h6 18. Qd1 Bxd2+ 19. Qxd2 Rhb8 20. Rh4 Kf8 21. Kf1 b5 22. Rg4 b4 23. a4 {½-½ Mihok,O (2549)-Gaal,Z (2325) 71st ch-HUN 2023 (7.7)}) 9. exf6 Nxf6 10. Nbc3 e5 11. Bxf5 Qxf5 12. Nxd5 O-O-O 13. Ng3 Qe6 14. c4 Bxc5 15. O-O Ng4 16. Ne4 Ba7 17. Bg5 Rd7 18. Qf3 Kb8 19. Be3 Nxe3 20. fxe3 Qh6 21. Qh3 Rhd8 22. Rae1 Ne7 23. Rf7 Qc6 24. Nec3 Nxd5 25. cxd5 Qd6 26. Rxd7 Rxd7 27. Rf1 Rc7 28. Ne4 Qb4 29. a3 1-0

[Event "45th Olympiad 2024"]
[Site "Budapest HUN"]
[Date "2024.09.21"]
[Round "10.34"]
[Board "2"]
[White "Renjith, Sravan"]
[Black "Krstulovic, Alex"]
[Result "1/2-1/2"]
[WhiteElo "2325"]
[BlackElo "2452"]
[PlyCount "127"]
[EventDate "2024.09.11"]
[WhiteTeam "New Zealand"]
[BlackTeam "Hungary C"]
[WhiteTeamCountry "NZL"]

1. e4 c6 2. d4 d5 3. exd5 cxd5 4. c4 Nf6 5. Nc3 Nc6 6. Nf3 a6 7. c5 g6 8. Be2 Bg7 9. O-O O-O 10. h3 Ne4 11. Na4 Bf5 $146 ({RR} 11... e5 12. dxe5 Be6 13. Bf4 Qe7 14. Rc1 Rad8 15. Qb3 d4 16. Qa3 f6 17. exf6 Qxf6 18. Bd6 Rf7 19. Bh2 Bh6 20. Rcd1 Bf8 21. b4 Bd5 22. Qb2 Bg7 23. Nb6 Be6 24. Bc4 Bxc4 25. Nxc4 d3 26. Qb3 {½-½ Vdovin,V (2302)-Dyatlov,O (2129) TCh-RUS HL 2024 (6.16)}) 12. Nb6 Ra7 13. Be3 h6 14. Qb3 Be6 15. Rad1 Qc7 16. Qc2 f5 17. a3 Bf7 18. b4 g5 19. Bd3 e6 20. Bxe4 fxe4 21. Nh2 e5 22. dxe5 d4 23. Rxd4 Bxe5 24. Rd6 Bxd6 25. cxd6 Qxd6 26. Bc5 Qd3 27. Qb2 Qb3 28. Qa1 Rd8 29. Ng4 Kh7 30. Nf6+ Kg6 31. Nxe4 Qe6 32. Re1 Qe5 33. Qb1 Kg7 34. Ng3 Bg6 35. Qc1 Qf4 36. Be3 Qf6 37. Bc5 Qf4 38. Be3 Qf6 39. Qc4 Qf7 40. Qc5 Qf8 41. Qc4 Qf7 42. Qg4 Kh7 43. Qe2 Qf6 44. Bc5 Re8 45. Qd1 Rd8 46. Qc1 Rd3 47. Re3 Qd8 48. Rxd3 Qxd3 49. a4 a5 50. b5 Ne5 51. Qb2 Qb1+ 52. Qxb1 Bxb1 53. Bd6 Nc6 54. f4 gxf4 55. Bxf4 Bd3 56. Kf2 Bxb5 57. axb5 a4 58. bxc6 bxc6 59. Be5 a3 60. Ba1 Rb7 61. Nc4 Rb1 62. Be5 a2 63. Ne4 Kg6 64. Ne3 1/2-1/2

[Event "45th Olympiad 2024"]
[Site "Budapest HUN"]
[Date "2024.09.21"]
[Round "10.34"]
[Board "3"]
[White "Juhasz, Agoston"]
[Black "Croad, Nicolas"]
[Result "1-0"]
[WhiteElo "2427"]
[BlackElo "2195"]
[PlyCount "53"]
[EventDate "2024.09.11"]
[WhiteTeam "Hungary C"]
[BlackTeam "New Zealand"]
[BlackTeamCountry "NZL"]

1. e4 e5 2. Nf3 Nc6 3. Bc4 Nf6 4. d3 Be7 5. O-O O-O 6. Re1 d6 7. a4 Na5 8. Ba2 c5 9. c3 Nc6 10. Na3 a6 11. Bd2 Rb8 12. b4 cxb4 13. cxb4 Bg4 14. Nc2 d5 15. b5 dxe4 $146 ({RR} 15... axb5 16. axb5 Na7 17. exd5 Nxb5 18. Rxe5 Bd6 19. Re1 Qc7 20. Rc1 Bxh2+ 21. Kh1 Bd6 22. Bc4 Qd7 23. Ne3 Bh5 24. Bxb5 Qxb5 25. Rc4 Nxd5 26. Nf5 Qd7 27. Nxd6 Qxd6 28. Rd4 Qc6 29. Re5 Nf6 30. Rf4 {½-½ Jeet,J (2361)-Kumar,G (2210) Abu Dhabi op 24th 2017 (4)}) 16. dxe4 Bxf3 17. gxf3 Nd4 18. Nxd4 Qxd4 19. Be3 Qxd1 20. Rexd1 axb5 21. axb5 Rfd8 22. Rdc1 b6 23. Rc6 Nd7 24. Bd5 Bc5 25. Bg5 Ra8 26. Rxa8 Rxa8 27. Rxc5 1-0

[Event "45th Olympiad 2024"]
[Site "Budapest HUN"]
[Date "2024.09.21"]
[Round "10.34"]
[Board "4"]
[White "Gong, Daniel Hanwen"]
[Black "Vanczak, Tamas"]
[Result "0-1"]
[WhiteElo "2240"]
[BlackElo "2401"]
[PlyCount "78"]
[EventDate "2024.09.11"]
[WhiteTeam "New Zealand"]
[BlackTeam "Hungary C"]
[WhiteTeamCountry "NZL"]

1. d4 Nf6 2. Bf4 e6 3. e3 c5 4. Nf3 cxd4 5. exd4 Be7 6. h3 O-O 7. Bd3 d6 8. O-O b6 9. Nbd2 Bb7 10. Bh2 Nbd7 11. Qe2 Re8 12. a4 a6 13. Nc4 Qc7 14. Rfe1 Bf8 15. c3 Qc6 16. Ne3 e5 17. dxe5 $146 ({RR} 17. Bc2 Rac8 18. Rad1 e4 19. Nd2 d5 20. Ndf1 Bd6 21. Ng3 g6 22. f3 Qc7 23. Qf2 exf3 24. Qxf3 Ne4 25. Nef1 f5 26. Nxe4 dxe4 27. Bxd6 Qxd6 28. Qg3 f4 29. Qg5 e3 30. Bb3+ Kg7 31. g3 Qc6 {1-0 Tokman,A (2316)-Willow,J (2386) Titled Tuesday intern op 13th July blitz 2021 (2)}) 17... dxe5 18. Bc4 h6 19. Red1 Bc5 20. Nd5 Nxd5 21. Bxd5 Qc8 22. Bc4 e4 23. Nd4 Ne5 24. Bxe5 Rxe5 25. f4 Re8 26. Kh1 Bf8 27. Bb3 Qc5 28. f5 Qe5 29. Qh5 Bd6 30. Bxf7+ Kh8 31. Kg1 Qh2+ 32. Kf1 e3 33. Qg6 Bg3 34. Ke2 Qxg2+ 35. Kd3 Re5 36. Kc4 Qxb2 37. Nc6 Rc5+ 38. Kd3 Rxc3+ 39. Ke4 Bxc6+ 0-1

[Event "45th Olympiad 2024"]
[Site "Budapest HUN"]
[Date "2024.09.21"]
[Round "10.35"]
[Board "1"]
[White "Barrish, Daniel"]
[Black "Keinanen, Toivo"]
[Result "0-1"]
[WhiteElo "2281"]
[BlackElo "2554"]
[PlyCount "118"]
[EventDate "2024.09.11"]
[WhiteTeam "South Africa"]
[BlackTeam "Finland"]
[WhiteTeamCountry "RSA"]
[BlackTeamCountry "FIN"]

1. d4 e6 2. c4 b6 3. e4 Bb4+ 4. Bd2 Bxd2+ 5. Qxd2 d5 6. Bd3 ({RR} 6. cxd5 exd5 7. exd5 Ne7 8. Bb5+ Nd7 9. Nf3 O-O 10. d6 cxd6 11. O-O Bb7 12. Qf4 Nf6 13. Nc3 Ng6 14. Qg3 Nh5 15. Qg5 Bxf3 16. Qxd8 Rfxd8 17. gxf3 Nh4 18. Kh1 Nf4 19. Ne2 Nxe2 20. Bxe2 Rac8 {0-1 Barrish,D (2263)-Kovacevic,B (2505) Schwarzacher op 33rd 2018 (7)}) 6... Nc6 ({RR} 6... Ba6 7. cxd5 Bxd3 8. Qxd3 exd5 9. e5 Ne7 10. f4 c5 11. Nf3 Nbc6 12. Nc3 O-O 13. O-O Qd7 14. Rad1 Rad8 15. dxc5 bxc5 16. Ng5 Nf5 17. Nxd5 Ncd4 18. Ne3 g6 19. Ng4 Qb7 20. Nf6+ Kg7 21. b3 {1-0 Lazavik,D (2578)-Suyarov,M (2467) Titled Tue 10th Sep Early 2024 (10)}) 7. cxd5 ({RR} 7. Ne2 dxe4 8. Bxe4 Bb7 9. Nbc3 Nf6 10. Bf3 O-O 11. O-O Rb8 12. Rad1 Ne7 13. Bxb7 Rxb7 14. d5 exd5 15. cxd5 c6 16. dxc6 Nxc6 17. Qxd8 Rxd8 18. Rxd8+ Nxd8 19. Rd1 Rd7 20. Rxd7 Nxd7 21. Nd4 Ne5 {½-½ Ding,L (2805)-Rapport,R (2747) Saint Louis Rapid 2019 (9)}) 7... exd5 8. Bb5 $146 ({RR} 8. Nf3 Nge7 9. exd5 Nxd5 10. O-O Nce7 11. Nc3 O-O 12. Rfe1 Nxc3 13. bxc3 Bb7 14. Re3 g6 15. Ne5 Kg7 16. Rh3 Ng8 17. Re1 c5 18. Be4 Rb8 19. Rd3 c4 20. Rh3 Bd5 21. Ree3 Re8 22. Bb1 b5 {0-1 Goltseva,E (2275)-Bivol,A (2366) RUS-ch (Women) 72nd 2022 (8)}) ({RR} 8. exd5 Nce7 9. Qg5 Kf8 10. Nc3 Bb7 11. Nf3 Nxd5 12. Qd2 Nxc3 13. bxc3 Bxf3 14. gxf3 Qd6 15. O-O-O Ne7 16. Kb2 Rd8 17. Rhg1 Qf6 18. Rg4 h5 19. Rf4 Qh6 20. Bc4 Nd5 21. Bxd5 Rxd5 22. Re1 Rd8 {½-½ Wojtaszek,R (2694)-Socko,B (2642) POL-ch Ekstraliga Rapid Final 2022 (4.1)}) ({RR} 8. exd5 Nce7 9. Qg5 Kf8 10. Nc3 Bb7 11. Nge2 Nxd5 12. Qg3 Ngf6 13. O-O h5 14. h4 Qd7 15. Rfe1 Qg4 16. f3 Qxg3 17. Nxg3 Rd8 18. Rad1 g6 19. Nge4 Kg7 20. Nxf6 Kxf6 21. Be4 Nxc3 22. bxc3 Ba6 {0-1 Garcia Dorado,A (2246)-Villanueva,M (2480) Valencia Cuna op 2021 (2)}) 8... Bd7 9. exd5 Nce7 10. Bc4 Nf6 11. Nc3 O-O 12. d6 Nf5 13. dxc7 Qxc7 14. Bd3 Nh4 15. Qg5 Qf4 16. Qxf4 Nxg2+ 17. Kd2 Nxf4 18. Nge2 Nxd3 19. Kxd3 Rad8 20. f3 Rfe8 21. Rhe1 Nd5 22. Kd2 Bc6 23. Ng1 Ne7 24. Kd3 Rd7 25. Rad1 Red8 26. Kc2 Kf8 27. Nce2 Nf5 28. Kc3 Rc7 29. Kb4 Rcd7 30. Kc3 Bb5 31. b3 Re7 32. Rd2 Re3+ 33. Kb4 Nd6 34. Rc1 a5+ 35. Ka3 Nc4+ 36. Rxc4 Bxc4 37. Ng3 Bd5 38. f4 b5 39. Kb2 a4 40. Nf5 Re1 41. Ne2 axb3 42. axb3 Be4 43. Nfg3 Rb1+ 44. Ka3 Bd5 45. Rd3 Bc4 46. Rc3 Ra8+ 47. Kb4 Ra4+ 48. Kc5 Rxb3 49. d5 Ra8 50. d6 Ke8 51. Rxb3 Bxb3 52. Nd4 Rc8+ 53. Kb6 Bd5 54. Nxb5 Kd7 55. Nh5 Rc6+ 56. Ka5 Bc4 57. Nxg7 Bxb5 58. Kxb5 Rxd6 59. Kc5 Rf6 0-1

[Event "45th Olympiad 2024"]
[Site "Budapest HUN"]
[Date "2024.09.21"]
[Round "10.35"]
[Board "2"]
[White "Sipila, Vilka"]
[Black "Karsten, Jan"]
[Result "0-1"]
[WhiteElo "2462"]
[BlackElo "2311"]
[PlyCount "88"]
[EventDate "2024.09.11"]
[WhiteTeam "Finland"]
[BlackTeam "South Africa"]
[WhiteTeamCountry "FIN"]
[BlackTeamCountry "RSA"]

1. e4 c6 2. d4 d5 3. e5 Bf5 4. Nf3 e6 5. Be2 a6 6. O-O Bg6 7. Nbd2 c5 8. c4 Nc6 9. cxd5 exd5 10. dxc5 Bxc5 11. Nb3 Bb6 12. Bg5 Nge7 13. Nfd4 $146 ({RR} 13. Rc1 h6 14. Bh4 O-O 15. Re1 Qe8 16. Nc5 Nf5 17. Nxb7 Nxe5 18. Qxd5 Nxf3+ 19. Bxf3 Qb5 20. Bg3 Qxb2 21. Rb1 Rae8 22. Red1 Qc3 23. Qc6 {0-1 Boyer,M (2453)-Motylev,A (2624) 36th Cannes Open 2023 (5.1)}) ({RR} 13. Rc1 O-O 14. Nc5 Bxc5 15. Rxc5 h6 16. Bxe7 Nxe7 17. Nd4 Qb6 18. Rc3 Rac8 19. Rb3 Qc7 20. Qd2 Qxe5 21. Rxb7 Nc6 22. Nf3 Qf6 23. Rc1 Be4 24. Rb6 Rc7 25. Rxa6 Rfc8 26. h3 Qe7 27. Ra3 Nb4 {0-1 Shankland,S (2669)-Raczek,K (2395) Titled Tue 27th Aug Late 2024 (11)}) 13... h6 14. Nxc6 bxc6 15. Bh4 Qc7 16. Bxe7 Qxe7 17. Rc1 Qc7 18. Nd4 Qxe5 19. Nxc6 Qd6 20. Bf3 O-O 21. Bxd5 Qf6 22. b4 Rae8 23. a4 Qb2 24. Bc4 Be4 25. Bb3 Qf6 26. Qd7 Qg6 27. g3 Qf6 28. Bd5 Bxd5 29. Qxd5 Re2 30. Kh1 Rfe8 31. a5 Bxf2 32. b5 R2e4 33. Kg2 Re2 34. Kh3 g5 35. Kg2 Bxg3+ 36. Kg1 Bxh2+ 37. Kh1 Bf4 38. Nd4 Qg6 39. Qf3 R2e3 40. Qg4 Qe4+ 41. Nf3 Rxf3 42. Qxf3 Qxf3+ 43. Rxf3 Bxc1 44. bxa6 Ra8 0-1

[Event "45th Olympiad 2024"]
[Site "Budapest HUN"]
[Date "2024.09.21"]
[Round "10.35"]
[Board "3"]
[White "Mhango, Banele"]
[Black "Agopov, Mikael"]
[Result "0-1"]
[WhiteElo "2261"]
[BlackElo "2451"]
[PlyCount "62"]
[EventDate "2024.09.11"]
[WhiteTeam "South Africa"]
[BlackTeam "Finland"]
[WhiteTeamCountry "RSA"]
[BlackTeamCountry "FIN"]

1. d4 Nf6 2. Nc3 d5 3. Bf4 c5 4. e4 Nxe4 5. Nxe4 dxe4 6. dxc5 Nd7 7. Qd4 e5 8. Qxe4 Bxc5 9. O-O-O Qe7 ({RR} 9... O-O 10. Bxe5 Bxf2 11. Nh3 Bb6 12. Bc4 Qe7 13. Rhe1 Nxe5 14. Qxe5 Qxe5 15. Rxe5 Bxh3 16. gxh3 Rad8 17. Re7 g6 18. Rf1 Kg7 19. Rfxf7+ Rxf7 20. Rxf7+ Kh6 21. b4 Be3+ 22. Kb2 b5 23. Bd3 a6 24. a4 {1-0 Medhus,V (2310)-Brenke,A (2349) Titled Tue 18th Jun Early 2024 (10)}) 10. Be3 O-O $146 ({RR} 10... Nf6 11. Bb5+ Kf8 12. Bxc5 Qxc5 13. Qc4 Qe7 14. Nf3 a6 15. Ba4 b5 16. Qc3 bxa4 17. Nxe5 Bb7 18. Rhe1 Ne4 19. Qd4 a3 20. Rxe4 axb2+ 21. Kb1 Bxe4 22. Qxe4 Re8 23. f4 f6 24. Rd5 fxe5 25. Rxe5 {0-1 Tabatabaei,M (2696)-Ter Sahakyan,S (2609) chess.com SpeedChess Q2Sw 2023 (10)}) 11. Nf3 Bxe3+ 12. Qxe3 f6 13. Bc4+ Kh8 14. h4 Qb4 15. Bb3 Nc5 16. h5 Nxb3+ 17. axb3 Be6 18. h6 Rf7 19. hxg7+ Rxg7 20. Rh4 Qe7 21. Rdh1 Rc8 22. Rh6 Qf7 23. Nd2 Bf5 24. Ne4 Rc6 25. Nc3 Rxg2 26. Qf3 Rg5 27. Ne4 Qd7 28. Kb1 Qg7 29. Nxg5 Bxc2+ 30. Kc1 Be4+ 31. Kd2 Qd7+ 0-1

[Event "45th Olympiad 2024"]
[Site "Budapest HUN"]
[Date "2024.09.21"]
[Round "10.35"]
[Board "4"]
[White "Lahdelma, Henri"]
[Black "Cawdery, Daniel"]
[Result "1/2-1/2"]
[WhiteElo "2331"]
[BlackElo "2356"]
[PlyCount "60"]
[EventDate "2024.09.11"]
[WhiteTeam "Finland"]
[BlackTeam "South Africa"]
[WhiteTeamCountry "FIN"]
[BlackTeamCountry "RSA"]

1. b3 e5 2. Bb2 Nc6 3. e3 Nf6 4. Bb5 Bd6 5. Na3 Na5 6. Be2 a6 7. Nf3 Qe7 8. Nb1 O-O ({RR} 8... Nc6 9. d4 e4 10. Nfd2 h5 11. a3 h4 12. c4 h3 13. g4 b6 14. Nc3 Bb7 15. g5 Nh7 16. Ndxe4 Nxg5 17. Nxd6+ Qxd6 18. d5 Ne7 19. Qd4 O-O-O 20. O-O-O f6 21. Qg4 Ng6 22. f4 Rh4 23. Qg1 {1-0 Kiremitciyan,A (2281)-Clawitter,C (2050) Titled Tue 27th Feb Early 2024 (2)}) 9. c4 ({RR} 9. d4 exd4 10. Nxd4 Be5 11. Nc3 Nc6 12. O-O d6 13. Nf3 Bf5 14. Qc1 Nb4 15. Bd1 c5 16. Re1 Ne4 17. Nxe5 Nxc3 18. Bxc3 dxe5 19. a3 Nc6 20. Qb2 f6 21. Bf3 Rfd8 22. h3 Qf7 23. Kh2 Qg6 {0-1 Jobava,B (2711)-Karjakin,S (2775) Beijing Sportaccord blitz 2012 (6)}) 9... Nc6 10. Nc3 Ba3 $146 ({RR} 10... e4 11. Nh4 Ba3 12. Bxa3 Qxa3 13. g4 Qa5 14. Ng2 Ne5 15. g5 Nd3+ 16. Bxd3 Qxg5 17. Bf1 d5 18. h4 Qe5 19. Nxd5 Nxd5 20. cxd5 Bg4 21. Be2 Bf3 22. Bxf3 exf3 23. Nf4 Rfe8 24. Kf1 h6 25. d4 {1-0 Beaulieu,P (1816)-Struben,J (1828) Montreal Mercredi 02 2016 (4)}) 11. Bxa3 Qxa3 12. O-O Qe7 13. Rc1 d6 14. d3 h6 15. Re1 Bf5 16. Bf1 Rfe8 17. h3 Qd7 18. Qd2 e4 19. Nd4 Nxd4 20. exd4 exd3 21. Bxd3 Bxd3 22. Qxd3 Rxe1+ 23. Rxe1 Re8 24. Rxe8+ Qxe8 25. Qe3 Kf8 26. Qxe8+ Kxe8 27. g4 Kd7 28. f3 c5 29. dxc5 dxc5 30. Kf2 Ke6 1/2-1/2